<The> idea of feminism from a Kantian perspective <an> exercise in practical reasoning
Saved in:
| Main Author: | |
|---|---|
| Format: | Book |
| Language: | English |
| Published: |
Florence
European University Institute
1992
|
| Series: | EUI working paper
SPS No. 92/26 |
| Subjects: | |
| Tags: |
No Tags, Be the first to tag this record!
|
MARC
| LEADER | 00000nam a2200000 4500 | ||
|---|---|---|---|
| 001 | c100162 | ||
| 005 | 20250509104009.0 | ||
| 041 | 0 | |a eng | |
| 044 | |a IT | ||
| 245 | 1 | 0 | |a <The> idea of feminism from a Kantian perspective |b <an> exercise in practical reasoning |c Véronique Munoz Dardé |
| 264 | 1 | |a Florence |b European University Institute |c 1992 | |
| 300 | |a 48 s. | ||
| 490 | 1 | |a EUI working paper |v SPS No. 92/26 | |
| 830 | 0 | |a EUI working paper |v SPS No. 92/26 | |
| 610 | 2 | 0 | |a ženy |
| 610 | 2 | 0 | |a žena a rodina |
| 610 | 2 | 0 | |a domácnosti |
| 610 | 2 | 0 | |a pôrodnosť |
| 610 | 2 | 0 | |a problémy spoločenské |
| 610 | 2 | 0 | |a diskriminácia |
| 610 | 2 | 0 | |a vzdelanie |
| 610 | 2 | 0 | |a Kant |
| 100 | 1 | |a Dardé, Véronique Munoz | |